LEADER 02757nam 22006132 450 001 996465257903316 005 20221206101819.0 010 $a1-4744-2637-9 010 $a1-4744-1093-6 010 $a1-4744-1884-8 024 7 $a10.1515/9781474402262 035 $a(CKB)3710000000614399 035 $a(SSID)ssj0001651293 035 $a(PQKBManifestationID)16426412 035 $a(PQKBTitleCode)TC0001651293 035 $a(PQKBWorkID)14954879 035 $a(PQKB)11173493 035 $a(UkCbUP)CR9781474402262 035 $a(StDuBDS)EDZ0001740601 035 $a(MiAaPQ)EBC5771872 035 $a(OCoLC)1103676761 035 $a(MdBmJHUP)muse73645 035 $a(OCoLC)945783891 035 $a(ScCtBLL)ac3aa031-8e7d-4cee-8977-93fd7722eed4 035 $a(DE-B1597)614170 035 $a(DE-B1597)9781474402262 035 $a(EXLCZ)993710000000614399 100 $a20160516d2016|||| uy| 0 101 0 $aeng 135 $aur||||||||||| 181 $ctxt$2rdacontent 182 $cc$2rdamedia 183 $acr$2rdacarrier 200 14$aThe Jalayirids $edynastic state formation in the Mongol Middle East /$fPatrick Wing$b[electronic resource] 210 1$aEdinburgh :$cEdinburgh University Press,$d2016. 215 $a1 online resource (xii, 228 pages) $cdigital, PDF file(s) 300 $aTitle from publisher's bibliographic system (viewed on 09 Sep 2016). 311 $a1-4744-0225-9 311 $a1-4744-0226-7 320 $aIncludes bibliographical references (pages 209-223) and index. 327 $aList of illustrations -- Acknowledgements -- Abbreviations for primary and secondary source texts -- Introduction and sources for the history of the Jalayirids -- tribes and the Chinggisid Empire -- The Jalayirs and the Early Ilkhanate -- From tribal Amirs to royal in-laws -- Crisis and transition (1335-56) -- Shaykh Uvays and the Jalayirid dynasty -- Dynastic ideology during the reign of Shaykh Uvays -- Challenges to the Jalayirid Order -- conclusions and the legacy of the Jalayirids -- maps and genealogical chart -- Bibliography -- Index. 330 $aThis book examines the rise and collapse of Mongol rule in Iran and Iraq, and its revival by a family of sultans who claimed to be the rightful heirs to the Mongol khans. The Jalayirids offers a glimpse at a long overlooked but critical period in the history of the Middle East in the late medieval period. 606 $aJala?yirids 607 $aIran$xHistory$y1256-1500 615 0$aJala?yirids. 676 $a955/.026 686 $aNM 4600$2rvk 700 $aWing$b Patrick$0884400 801 0$bUkCbUP 801 1$bUkCbUP 906 $aBOOK 912 $a996465257903316 996 $aThe Jalayirids$91975103 997 $aUNISA